[Event "AUTO-INT-1453"]
[Site "http://www.queenalice.com/game.php?id=759931"]
[Date "2010.4.12"]
[Round "3"]
[White "paulogaspar"]
[Black "Constantino"]
[Result "1-0"]
[WhiteElo "2090"]
[BlackElo "1565"]

1. e4 e5 2. Nf3 Nc6 3. Bb5 d5 4. Bxc6+ bxc6 5. exd5 cxd5 6. Nxe5 Qf6 7. O-O Qxe5
8. Re1 Bg4 9. Rxe5+ Ne7 10. Qxg4 f6 11. Rxd5 Nxd5 12. Qe4+ Be7 13. Qxd5 Rd8 14.
Qc6+ Rd7 15. Nc3 O-O 16. Qxd7 Bc5 17. Qd5+ Kh8 18. Qxc5 Kg8 19. Nd5 g5 20. Qxc7
h5 21. Ne7+ Kf7 22. Nf5+ Kg6 23. Qg7+ Kxf5 24. Qxf8 a6 25. d4 g4 26. c4 Kg6 27.
Qh6+ Kf7 28. Qxh5+ Ke6 29. Qxg4+ Kf7 30. Bh6 Ke7 31. Re1+ Kf7 32. Qg7# 1-0

[Event "Challenge"]
[Site "http://www.queenalice.com/game.php?id=768062"]
[Date "2010.4.29"]
[Round "-"]
[White "Constantino"]
[Black "babycrocket"]
[Result "1-0"]
[WhiteElo "1617"]
[BlackElo "1674"]

1. e4 e5 2. f4 exf4 3. d4 Qh4+ 4. g3 fxg3 5. Qf3 g2+ 6. Qf2 Qxf2+ 7. Kxf2 gxh1=Q
8. Bg2 Qxh2 9. Nf3 Qh5 10. c4 Be7 11. Bd2 f5 12. Nc3 fxe4 13. Ne5 Qf5+ 14. Ke3
Bg5+ 15. Ke2 e3 16. Rf1 Qxf1+ 17. Kxf1 exd2 18. b4 Nf6 19. Nf3 Bh6 20. a4 O-O
21. Bh3 Nc6 22. b5 Nxd4 23. Nxd4 Ne4+ 24. Ke2 Nxc3+ 25. Kd3 d1=Q+ 26. Kxc3 Rf3+
27. Nxf3 Qxf3+ 28. Kd4 Qxh3 29. c5 1-0

[Event "AUTO-OPEN-1782"]
[Site "http://www.queenalice.com/game.php?id=777887"]
[Date "2010.5.19"]
[Round "2"]
[White "whyBish"]
[Black "Constantino"]
[Result "1-0"]
[WhiteElo "2083"]
[BlackElo "1665"]

1. f4 d5 2. Nf3 Nc6 3. e3 Bg4 4. Be2 Nf6 5. h3 Bf5 6. d3 e6 7. g4 Bg6 8. Nh4 h6
9. Nxg6 fxg6 10. Nd2 e5 11. fxe5 Nxe5 12. Nf3 Bd6 13. Bd2 h5 14. g5 Nxf3+ 15.
Bxf3 c5 16. gxf6 Qxf6 17. Qe2 O-O-O 18. O-O-O Be5 19. c3 1-0

[Event "AUTO-OPEN-1782"]
[Site "http://www.queenalice.com/game.php?id=777888"]
[Date "2010.5.19"]
[Round "2"]
[White "Constantino"]
[Black "whyBish"]
[Result "1-0"]
[WhiteElo "1635"]
[BlackElo "2105"]

1. e4 c5 2. Nc3 e6 3. d4 cxd4 4. Qxd4 Nc6 5. Qa4 Nge7 6. Bg5 d6 7. Bb5 Bd7 8.
O-O-O a6 9. Bc4 b5 10. Bxb5 axb5 11. Qb3 b4 12. Nb5 Nc8 13. Bxd8 Kxd8 14. Nf3 e5
15. Ng5 1-0

[Event "AUTO-INT-1761"]
[Site "http://www.queenalice.com/game.php?id=805025"]
[Date "2010.7.18"]
[Round "1"]
[White "spin"]
[Black "Constantino"]
[Result "1-0"]
[WhiteElo "1638"]
[BlackElo "1681"]

1. e4 e5 2. Qh5 Nf6 3. Qxe5+ Be7 4. Qg3 c5 5. e5 Nd5 6. Qxg7 Rg8 7. Qxg8+ Bf8 8.
Qxh7 Nc6 9. Bc4 Ncb4 10. a3 Nc6 11. Bxd5 d6 12. Qxf7# 1-0

[Event "AUTO-INT-1761"]
[Site "http://www.queenalice.com/game.php?id=805026"]
[Date "2010.7.18"]
[Round "1"]
[White "Constantino"]
[Black "spin"]
[Result "1-0"]
[WhiteElo "1641"]
[BlackElo "1616"]

1. e4 d5 2. d3 d4 3. Nf3 f6 4. Bf4 g5 5. Bg3 e5 6. Be2 Nh6 7. c3 dxc3 8. Nxc3 c6
9. Qa4 b5 10. Nxb5 cxb5 11. Qb3 a6 12. O-O-O Qc7+ 13. Kb1 Be7 14. Rc1 Nc6 15. d4
g4 16. Nh4 Qb7 17. f3 Nxd4 18. Qd3 f5 19. Bxe5 fxe4 20. Qxd4 Rg8 21. Rc7 Qa7 22.
Rxa7 Rxa7 23. Qxa7 Bxh4 24. Qxh7 1-0

[Event "AUTO-INT-1761"]
[Site "http://www.queenalice.com/game.php?id=805033"]
[Date "2010.7.18"]
[Round "1"]
[White "Constantino"]
[Black "Chazam"]
[Result "1-0"]
[WhiteElo "1677"]
[BlackElo "1589"]

1. e4 e5 2. f4 exf4 3. d4 g5 4. Nf3 Bg7 5. Nc3 a6 6. Nd5 c6 7. Nb4 Qe7 8. Bd2
Nf6 9. Nxg5 Nh5 10. Qxh5 Bf6 11. Bxf4 Bxg5 12. Bxg5 Qxe4+ 13. Be2 Qxg2 14. O-O-O
d6 15. Bf3 Qf2 16. Rde1+ Be6 17. Rxe6+ 1-0

[Event "AUTO-INT-1761"]
[Site "http://www.queenalice.com/game.php?id=805034"]
[Date "2010.7.18"]
[Round "1"]
[White "Chazam"]
[Black "Constantino"]
[Result "0-1"]
[WhiteElo "1603"]
[BlackElo "1663"]

1. e4 e5 2. Nf3 Nc6 3. Nc3 Bc5 4. Qe2 b6 5. Na4 Nf6 6. Nxc5 d6 7. Nb3 O-O 8. d3
Ba6 9. h3 d5 10. exd5 Nxd5 11. Nxe5 Nxe5 12. Bd2 Re8 13. O-O-O c5 14. Kb1 Bb5
15. f3 c4 16. dxc4 Bxc4 0-1

[Event "AUTO-ADV-1838"]
[Site "http://www.queenalice.com/game.php?id=805635"]
[Date "2010.7.19"]
[Round "1"]
[White "Hagi"]
[Black "Constantino"]
[Result "1-0"]
[WhiteElo "1635"]
[BlackElo "1592"]

1. d4 d5 2. Nc3 Nf6 3. h3 Nc6 4. e3 Bf5 5. Bd2 e5 6. dxe5 Nxe5 7. g4 Be4 8. Nxe4
Nxe4 9. Qe2 Qh4 10. O-O-O Bc5 11. Nf3 Nxf3 12. Qxf3 Qe7 13. Bb5+ c6 14. Be2 O-O
15. h4 b5 16. b3 a5 17. h5 Ba3+ 18. Kb1 a4 19. Bd3 Rad8 20. Bxe4 dxe4 21. Qe2
Qe5 22. c3 b4 23. Qc4 Rd3 24. f4 Qf6 25. g5 Qf5 26. cxb4 h6 27. Qxc6 axb3 28.
axb3 Rc8 29. Qa4 Bxb4 30. Qxb4 hxg5 31. fxg5 Qxg5 32. Qxe4 Qd8 33. h6 Rxb3+ 34.
Ka2 1-0

[Event "AUTO-ADV-1838"]
[Site "http://www.queenalice.com/game.php?id=805636"]
[Date "2010.7.19"]
[Round "1"]
[White "Constantino"]
[Black "Hagi"]
[Result "0-1"]
[WhiteElo "1646"]
[BlackElo "1580"]

1. e4 d5 2. Nc3 dxe4 3. Nxe4 e5 4. Nf3 f6 5. d4 exd4 6. Qxd4 Bd7 7. Bc4 Nc6 8.
Qe3 Nge7 9. O-O Bg4 10. Bd2 Qd7 11. b4 Bxf3 12. Qxf3 O-O-O 13. a4 Nd4 14. Qc3 f5
15. Nc5 Qd6 16. Ne6 Nxe6 17. Be3 Nc6 18. b5 Ne5 19. Qa5 b6 20. Qa6+ Kd7 21. Rfd1
Nd4 22. Bxd4 Qe7 23. Bc5+ Ke8 24. Rxd8+ Qxd8 25. Bxf8 Rxf8 26. Re1 Qd6 27. Qc8+
Ke7 28. Qb7 Kf6 29. Bb3 Qd2 30. Kf1 Re8 31. Qc6+ Nxc6 32. h3 Qxe1# 0-1

[Event "AUTO-ADV-1838"]
[Site "http://www.queenalice.com/game.php?id=805649"]
[Date "2010.7.19"]
[Round "1"]
[White "tenentemurdock"]
[Black "Constantino"]
[Result "1-0"]
[WhiteElo "1615"]
[BlackElo "1627"]

1. e4 e5 2. Qh5 Nf6 3. Qxe5+ Be7 4. d4 Nc6 5. Qb5 a6 6. Qd3 Bb4+ 7. c3 Ba5 8. b4
Bxb4 9. cxb4 Nxb4 10. Qb3 a5 11. Bg5 O-O 12. a3 h6 13. Bxf6 Qxf6 14. axb4 b6 15.
e5 Re8 16. Nf3 Qf5 17. Bc4 Re7 18. O-O c6 19. Nbd2 d6 20. Rae1 d5 21. Bd3 Qf4
22. g3 Qg4 23. bxa5 Rxa5 24. h3 1-0

[Event "AUTO-ADV-1838"]
[Site "http://www.queenalice.com/game.php?id=805650"]
[Date "2010.7.19"]
[Round "1"]
[White "Constantino"]
[Black "tenentemurdock"]
[Result "0-1"]
[WhiteElo "1611"]
[BlackElo "1631"]

1. e4 d5 2. Nc3 d4 3. Nd5 e6 4. Nf4 Bd6 5. d3 e5 6. Nd5 c6 7. Ne3 dxe3 8. fxe3
Nf6 9. Nf3 Bg4 10. h3 Bxf3 11. Qxf3 O-O 12. d4 Na6 13. g4 Bb4+ 14. c3 Ba5 15.
Bd2 exd4 16. exd4 Nxe4 17. Qxe4 Re8 18. Bd3 Rxe4+ 19. Bxe4 Qh4+ 20. Kf1 Re8 21.
Re1 c5 22. b4 Bc7 23. a3 Qf6+ 24. Kg1 Bf4 25. h4 Bxd2 0-1

[Event "AUTO-ADV-1838"]
[Site "http://www.queenalice.com/game.php?id=805657"]
[Date "2010.7.19"]
[Round "1"]
[White "Blutigeroo"]
[Black "Constantino"]
[Result "1-0"]
[WhiteElo "1814"]
[BlackElo "1656"]

1. f4 d5 2. Nf3 Nc6 3. e3 f5 4. Be2 Nf6 5. O-O b6 6. d3 Bb7 7. b3 Qd6 8. a4 Qc5
9. h3 Nb4 10. c3 Nxd3 11. Qxd3 e6 12. Ba3 Qc6 13. Nbd2 O-O-O 14. Ne5 Qe8 15. b4
h6 16. Rfd1 c5 17. bxc5 Bxc5 18. Bxc5 bxc5 19. Qb5 Qxb5 20. axb5 g5 21. Nf7 Nh5
22. Bxh5 gxf4 23. exf4 a6 24. Nxh8 Rxh8 25. b6 c4 26. Nf3 Rg8 27. Nd4 Kd7 28.
Bf7 Rg3 29. Bxe6+ Ke7 30. Bxf5 h5 31. Re1+ Kf6 32. Re6+ Kf7 33. Rae1 a5 34. Re7+
Kf6 35. R1e6# 1-0

[Event "AUTO-ADV-1838"]
[Site "http://www.queenalice.com/game.php?id=805658"]
[Date "2010.7.19"]
[Round "1"]
[White "Constantino"]
[Black "Blutigeroo"]
[Result "0-1"]
[WhiteElo "1596"]
[BlackElo "1887"]

1. f4 d5 2. d4 Nf6 3. Nc3 Bf5 4. b3 g6 5. Nf3 Bg7 6. Ne5 O-O 7. Bb2 a6 8. e3 b5
9. g4 Be4 10. Nxe4 Nxe4 11. Qe2 f6 12. Nd3 Nd7 13. O-O-O c5 14. Nxc5 Ndxc5 15.
dxc5 Nxc5 16. Bg2 e6 17. b4 Na4 18. Bd4 Rc8 19. e4 e5 20. Ba7 d4 21. a3 Nc3 22.
Qd3 Rf7 23. Bc5 Rfc7 24. Bb6 Bf8 25. h4 Na4 26. Bxc7 Rxc7 27. Qb3+ Kg7 28. h5
Rc3 29. Qe6 Qc7 30. g5 Rxc2+ 31. Kb1 Rb2+ 32. Ka1 Rxg2 33. Qxf6+ Kg8 34. Qe6+
Kh8 35. Qf6+ Bg7 0-1